| 000 | 00659nam a2200205 a 4500 | ||
|---|---|---|---|
| 005 | 20241015063722.0 | ||
| 008 | 030609s2002 mx r 000 0 spa d | ||
| 020 | _a9701039041 | ||
| 035 | _aUPN01000125168 | ||
| 049 | _aCG | ||
| 050 | 4 |
_aQA11 A2 _bW5.4 |
|
| 100 | 1 | _aWisniewski, Piotr Marian | |
| 245 | 1 | 0 |
_aIntroducción a las matemáticas universitarias / _cPiotr Marian Wisniewski, Ana Laura Gutiérrez Banegas. |
| 260 |
_aMéxico : _bMcGraw-Hill, _c2002. |
||
| 300 |
_ax, 696 p. : _bgráfs. |
||
| 440 | 0 | _aSchaum | |
| 650 | 4 |
_aMatemáticas _xEstudio y enseñanza (Superior) _99044 |
|
| 700 | 1 |
_aGutiérrez Banegas, Ana Laura, _ecoaut. |
|
| 905 | _aLibro | ||
| 999 |
_c97347 _d97347 |
||